000 00364nam a2200133Ia 4500
005 20260328101453.0
008 260328s9999||||xx |||||||||||||| ||und||
100 _aGlancey, Jonathan
245 0 _aLost Buildings :
_b demolished, destroyed, imaged, reborn /
_cJonathan Glancey
260 _bOverlook Press
300 _a256 p.
650 _aARQUITECTURA
942 _cBK
999 _c8739
_d8739